|
|
|
|
| LEADER |
02542nam a22003857a 4500 |
| 001 |
4360 |
| 003 |
BD-DhAAL |
| 005 |
20220829163919.0 |
| 008 |
160130m20031994bd a|||| b||| 001 0 ben d |
| 999 |
|
|
|c 36714
|d 36714
|
| 020 |
|
|
|a 9840502662
|
| 020 |
|
|
|a 9789848815557
|
| 040 |
|
|
|a BD-DhAAL
|c BD-DhAAL
|
| 041 |
|
|
|a ben
|
| 082 |
|
|
|a 954.140359
|
| 245 |
|
|
|a বাঙলা ভাগ হল :
|b হিন্দু সাম্প্রদায়িকতা ও দেশ-বিভাগ ১৯৩২-১৯৪৭ /
|c জয়া চ্যাটার্জী, অনুবাদ আবু জাফর, অনুবাদ সম্পাদনা বদিউদ্দিন নাজির
|
| 246 |
|
|
|a Bangla bhag holo
|
| 246 |
|
|
|a Bengali edition of Bengal divided :
|b hindu communalism and partition, 1932-1947
|
| 260 |
|
|
|a ঢাকা :
|b ইউনিভার্সিটি প্রেস,
|c ২০০৩ [sixth impression 2022].
|
| 300 |
|
|
|a ৩৬৭ পৃষ্ঠা :
|b চিত্র ;
|c ২২ সে.মি.
|
| 504 |
|
|
|6 গ্রন্থপঞ্জিগত নির্দেশিকা ও নির্ঘণ্ট অন্তর্ভুক্ত।
|
| 526 |
|
|
|a BIED, GenEd
|
| 541 |
|
|
|a Complimentary copy from BIED, Book Finder International
|e 4360, 35461, 39498
|
| 650 |
|
|
|a Communalism
|x Bengal
|x History.
|z India.
|9 17614
|
| 650 |
|
|
|a Bengal (India)
|x History
|y Partition, 1947.
|9 17615
|
| 650 |
|
|
|a Communalism.
|9 17616
|
| 700 |
|
|
|a চ্যাটার্জী, জয়া
|9 17617
|
| 700 |
|
|
|a জাফর, আবু
|9 17618
|
| 700 |
|
|
|a নাজির, বদিউদ্দিন
|9 17619
|
| 852 |
|
|
|a Ayesha Abed Library
|c General Stacks
|
| 942 |
|
|
|2 ddc
|c BK
|
| 952 |
|
|
|0 0
|1 0
|2 ddc
|4 0
|6 954_000000000000000__140359_BAN
|7 0
|9 57781
|a SCL
|b SCL
|c GEN
|d 2016-01-30
|g 250.00
|l 8
|m 23
|o 954.140359 BAN
|p 3020004360
|r 2025-01-05
|s 2025-01-05
|t 1
|w 2016-01-30
|y BK
|
| 952 |
|
|
|0 0
|1 0
|2 ddc
|4 0
|6 954_000000000000000__140359_BAN
|7 0
|9 57793
|a SCL
|b SCL
|c GEN
|d 2016-01-30
|g 300.00
|l 12
|m 27
|o 954.140359 BAN
|p 3020006968
|r 2024-09-02
|s 2024-06-24
|t 2
|w 2016-01-30
|y BK
|
| 952 |
|
|
|0 0
|1 0
|2 ddc
|4 0
|6 954_140359000000000_BAN
|7 0
|9 69440
|a BRACUL
|b BRACUL
|c GEN
|d 2021-10-27
|e Complimentary copy from BIED
|l 2
|m 30
|o 954.140359 BAN
|p 3010035461
|r 2026-05-11
|s 2026-04-21
|t 3
|w 2021-10-27
|y BK
|x Transferred from BIED to General Stacks
|
| 952 |
|
|
|0 0
|1 0
|2 ddc
|4 0
|6 954_140359000000000_BAN
|7 0
|9 71549
|a SCL
|b SCL
|c GEN
|d 2022-08-03
|e Book Finder International
|g 313.73
|l 8
|m 17
|o 954.140359 BAN
|p 3020039498
|q 2026-06-08
|r 2024-06-27
|s 2024-06-27
|t 4
|v 0.00
|w 2022-08-03
|y BK
|